000 00719na a2200265 4500
001 24450
003 MIRAKIL
005 20181226104234.0
008 181018b tu 000 0
020 _a9786053232308
041 _atur
082 _a925
_bP24ö 2015
090 _a925 P24ö 2015
100 _aPalaz, Hasan
245 _aÖmrümü yedin bay böcek!
_cHasan Palaz
260 _aİstanbul
_bCinius Yayınları
_c2015
300 _a366 s.
_bfotg.
_c21 sm.
600 _aPalaz, Hasan
_d1966 -
_xAnılar
650 _aMühendisler
650 _aTübitak
_xAnılar
650 _aTübitak
_xAnılar
_xBöcek davası
650 _aSiyaset
_zTürkiye
942 _2ddc
_cBKS
040 _aMilas
_btur
_cTR-AnCHP
999 _c11811
_d11811